Vplyv Euroázijskej hospodárskej únie na strategické rozvojové zámery obchodných vzťahov EÚ diplomová práca
Uložené v:
| Hlavný autor: | |
|---|---|
| Korporativný autor: | |
| Ďalší autori: | |
| Médium: | Kniha |
| Jazyk: | Slovak |
| Vydavateľské údaje: |
Bratislava
2017
|
| Tagy: |
Žiadne tagy, Buďte prvý, kto otaguje tento záznam!
|
MARC
| LEADER | 00000nbm a2200000 4500 | ||
|---|---|---|---|
| 001 | 0230608 | ||
| 005 | 20170927111239.0 | ||
| 041 | 0 | |a slo | |
| 044 | |a SK | ||
| 245 | 1 | 0 | |a Vplyv Euroázijskej hospodárskej únie na strategické rozvojové zámery obchodných vzťahov EÚ |b diplomová práca |c Veronika Evaničová ; školiteľ: Elena Kašťáková |
| 264 | 1 | |a Bratislava |c 2017 | |
| 300 | |a 84 s. | ||
| 100 | 1 | |a Evaničová, Veronika | |
| 700 | 1 | |a Kašťáková, Elena, 1974- | |
| 710 | 2 | |a Obchodná fakulta EU. Katedra medzinárodného obchodu | |